|
|
|
|
| LEADER |
00000nam a2200000 a 4500 |
| 001 |
vtls001367890 |
| 003 |
SK-MaSNL |
| 005 |
20260301070827.0 |
| 008 |
240315s1987 xx 0 und |
| 035 |
|
|
|a SNK000321579
|
| 040 |
|
|
|a SNK
|b slo
|c SNK
|e AACR2
|
| 100 |
1 |
|
|a Kresák, Fedor,
|d 1924-2009
|4 aut
|9 222965
|
| 245 |
1 |
|
|a Edgar Degas
|
| 260 |
|
|
|a Warszawa
|b Arkady
|c 1987
|
| 958 |
|
|
|a OND
|
| 999 |
|
|
|c 635624
|d 637554
|
| 952 |
|
|
|a SNK
|b SNK
|y PREZ
|7 0
|p 17A0843676
|o snkSB 43028
|0 0
|1 0
|4 0
|d 2012-07-04
|l 0
|r 2025-05-09 00:00:00
|w 2026-02-23
|
| 952 |
|
|
|t P60, <04>, [BOOK], {604}
|a SNK
|b SNK
|y VYP
|7 0
|p 17A0199024
|o snkSB 43028 D1
|0 0
|1 0
|4 0
|d 1999-07-13
|l 0
|r 2005-01-02 00:00:00
|w 2026-02-23
|
| 952 |
|
|
|t P60, <04>, [BOOK], {604}
|a SNK
|b SNK
|y VYP
|7 0
|p 17A0199036
|o snkSB 43028 D2
|0 0
|1 0
|4 0
|d 1999-07-13
|l 0
|r 2005-01-02 00:00:00
|w 2026-02-23
|